| 000 | 00606cam a22002052 4500 | ||
|---|---|---|---|
| 001 | 0000000881 | ||
| 005 | 20151021151050.0 | ||
| 008 | 070221s xx 000 0 eng d | ||
| 020 | _a996625109X : | ||
| 040 |
_aKABU _cKABU |
||
| 050 | 0 |
_aDT433.582 _b.K37A3 |
|
| 100 | 1 |
_aKariuki, G. G. _@0000149290 |
|
| 245 | 1 | 4 |
_aThe Illusion of power : _breflection on fifty years in Kenya politics. |
| 260 |
_aNairobi : _bKenway, _c2001. |
||
| 300 | _a158 p. | ||
| 600 | 1 | 0 |
_aKariuki, G. G. _@0000149290 |
| 852 | 1 | _9p735 KES | |
| 908 | _a070221 | ||
| 950 | _@1 | ||
| 999 |
_c281 _d281 |
||